Science Quiz

Random Science Quiz

CNS - GABA Drug Structures Quiz Stats

 Plays Quiz not verified by Sporcle

Score 0/14 Timer 05:00
0 Plays Today
% Correct
long
100%
intermediate
100%
volatile
100%
imidazo
100%
injectable
100%
long
100%
long
90.9%
% Correct
short
90.9%
intermediate
81.8%
nitrous oxide
81.8%
intermediate
81.8%
long
81.8%
melatonin
72.7%
hydro
72.7%

You're not logged in!

Compare scores with friends on all Sporcle quizzes.
OR
Log In

Show Comments

Extras

Created Mar 17, 2014ReportNominate
Tags:cns, drug, structure

Top Quizzes Today


Score Distribution

Your Account Isn't Verified!

In order to create a playlist on Sporcle, you need to verify the email address you used during registration. Go to your Sporcle Settings to finish the process.

Report this User

Report this user for behavior that violates our Community Guidelines.

Details: